Presentación : El asilo contra la opresión /
保存先:
| 第一著者: | |
|---|---|
| フォーマット: | 不明 |
| 主題: | |
| タグ: |
タグ追加
タグなし, このレコードへの初めてのタグを付けませんか!
|
MARC
| LEADER | 000000000a22000000004500 | ||
|---|---|---|---|
| 001 | 004104 | ||
| 100 | 1 | |a Rodriguez Ibarra, Juan Carlos | |
| 245 | 1 | 0 | |a Presentación : |b El asilo contra la opresión / |c Juan Carlos Rodriguez Ibarra. |
| 310 | |a trimestral | ||
| 650 | 4 | |a CURSOS INTERNACIONALES IBEROAMERICANOS DE JARANDILLA DE LA VERA | |
| 650 | 4 | |a HISTORIA | |
| 650 | 4 | |a CHILE | |
| 650 | 4 | |a POLITICA | |
| 650 | 4 | |a TRANSICION CHILENA | |
| 650 | 4 | |a DEMOCRACIA | |
| 650 | 4 | |a GOLPE DE ESTADO | |
| 650 | 4 | |a PINOCHET, AUGUSTO | |
| 650 | 4 | |a ALLENDE GOSSENS, SALVADOR, 1908-1973. | |
| 650 | 4 | |a NERUDA, PABLO, (SEUD.), 1904-1973 | |
| 650 | 4 | |a SOCIALISMO ESPAÑOL | |
| 773 | 0 | |d España : CEXECI |t Con Eñe: Revista de cultura hispanoamericana |g número 5 (cuarto trimestre, 1998), página 5 | |
| 942 | |c ARC | ||
| 999 | |c 11277 |d 11277 | ||
